[Event "Dubai op-A 25th"]
[Site "Dubai"]
[Date "2025.05.30"]
[Round "4"]
[White "Sultan, Ibrahim"]
[Black "Strybuk, Artsiom I"]
[Result "0-1"]
[WhiteElo "2222"]
[BlackElo "2433"]
[PlyCount "116"]
[EventDate "2025.05.27"]
[EventType "swiss"]
[EventRounds "9"]
[EventCountry "UAE"]
[SourceTitle "CB23_2025"]
[SourceDate "2025.06.04"]
[SourceVersion "1"]
[SourceVersionDate "2025.06.04"]
[SourceQuality "1"]

1. d4 g6 2. c4 Bg7 3. e4 d6 4. Nc3 e5 5. Nge2 Nf6 6. d5 a5 7. h3 h5 8. Bg5 Bh6 9. Bxh6 Rxh6 10. Qd2 Rh8 11. h4 Na6 12. f3 Nc5 13. 0-0-0 a4 14. Kb1 Kf8 15. Nc1 Kg7 16. Nd3 Nfd7 17. Nf2 Nb6 18. Be2 Bd7 19. g4 hxg4 20. fxg4 Rxh4 21. Rxh4 Qxh4 22. Rh1 Qf6 23. Qh6+ Kg8 24. g5 Qg7 25. Qh4 Kf8 26. Bg4 Ke7 27. Bxd7 Ncxd7 28. b3 axb3 29. axb3 Nc5 30. Kb2 Nbd7 31. Rh3 Rf8 32. Ng4 f5 33. gxf6+ Nxf6 34. Qg5 Ke8 35. Nh6 Nfxe4 36. Nxe4 Nxe4 37. Qg4 Qd7 38. Qxg6+ Kd8 39. Ng4 Qf5 40. Qg7 Qf7 41. Rh7 Qxg7 42. Rxg7 Rf3 43. Nh6 Nc5 44. Rg8+ Kd7 45. Rg7+ Kc8 46. Rg8+ Kd7 47. Rg7+ Ke8 48. Rg8+ Rf8 49. Rg7 Rf2+ 50. Ka3 e4 51. Rg8+ Rf8 52. Rg4 Rf3 53. Ka2 Rf2+ 54. Ka3 e3 55. Rg3 e2 56. Re3+ Kf8 57. Ng4 Rg2 58. Nf6 Nd3 0-1

[Event "Dubai op-A 25th"]
[Site "Dubai"]
[Date "2025.05.28"]
[Round "2"]
[White "Nandhidhaa, PV."]
[Black "Strybuk, Artsiom I"]
[Result "1-0"]
[WhiteElo "2363"]
[BlackElo "2433"]
[PlyCount "63"]
[EventDate "2025.05.27"]
[EventType "swiss"]
[EventRounds "9"]
[EventCountry "UAE"]
[SourceTitle "CB23_2025"]
[SourceDate "2025.06.04"]
[SourceVersion "1"]
[SourceVersionDate "2025.06.04"]
[SourceQuality "1"]

1. e4 g6 2. d4 Bg7 3. Nc3 d6 4. Be3 a6 5. Qd2 b5 6. 0-0-0 Nf6 7. f3 Nbd7 8. h4 Nb6 9. Bh6 Bxh6 10. Qxh6 b4 11. Nce2 e6 12. e5 dxe5 13. dxe5 Nfd7 14. h5 Qe7 15. hxg6 fxg6 16. Nf4 Nxe5 17. Re1 Nbd7 18. Bc4 Qf8 19. Bxe6 Qxh6 20. Rxh6 Kf8 21. Rh1 Nf7 22. Bd5 c6 23. Ne6+ Kg8 24. Bb3 Ra7 25. Ng5 Nf6 26. Rh4 a5 27. Nxf7 Rxf7 28. Rf4 Kg7 29. Bxf7 Kxf7 30. Re5 g5 31. Rxg5 Re8 32. Nh3 1-0

[Event "RUS-chT 32nd"]
[Site "Sochi"]
[Date "2025.05.04"]
[Round "8.4"]
[White "Strybuk, Artsiom I"]
[Black "Kuzmin, Roman"]
[Result "1-0"]
[WhiteElo "2433"]
[BlackElo "2182"]
[PlyCount "71"]
[EventDate "2025.04.26"]
[EventType "team-swiss"]
[EventRounds "9"]
[EventCountry "RUS"]
[SourceTitle "CB19_2025"]
[SourceDate "2025.05.07"]
[SourceVersion "1"]
[SourceVersionDate "2025.05.07"]
[SourceQuality "1"]
[WhiteTeam "Belarus"]
[BlackTeam "Sverdlovsk Region Sima Lend"]
[WhiteTeamCountry "BLR"]
[BlackTeamCountry "RUS"]

1. Nf3 Nf6 2. g3 d5 3. Bg2 e6 4. 0-0 c5 5. c4 d4 6. e3 Nc6 7. exd4 cxd4 8. d3 h6 9. Re1 Bd6 10. Na3 0-0 11. Nb5 Bc5 12. Bf4 Nd7 13. Rb1 a6 14. Na3 Re8 15. Nc2 a5 16. Bd2 e5 17. a3 Ba7 18. b4 e4 19. Rxe4 Rxe4 20. dxe4 Nde5 21. Nxe5 Nxe5 22. c5 Bd7 23. Bf4 Ba4 24. Bxe5 d3 25. Qg4 f6 26. Bd6 Bxc2 27. Rf1 axb4 28. axb4 Qc8 29. Qxc8+ Rxc8 30. e5 fxe5 31. Bxb7 Rd8 32. Bd5+ Kh8 33. Be4 Bb8 34. Bxb8 Rxb8 35. c6 Kg8 36. Bf5 1-0

[Event "RUS-chT 32nd"]
[Site "Sochi"]
[Date "2025.04.29"]
[Round "4.3"]
[White "Strybuk, Artsiom I"]
[Black "Gilfanov, Marat I"]
[Result "1-0"]
[WhiteElo "2433"]
[BlackElo "2379"]
[PlyCount "89"]
[EventDate "2025.04.26"]
[EventType "team-swiss"]
[EventRounds "9"]
[EventCountry "RUS"]
[SourceTitle "CB19_2025"]
[SourceDate "2025.05.07"]
[SourceVersion "1"]
[SourceVersionDate "2025.05.07"]
[SourceQuality "1"]
[WhiteTeam "Belarus"]
[BlackTeam "Moscow Temus Tim"]
[WhiteTeamCountry "BLR"]
[BlackTeamCountry "RUS"]

1. c4 Nf6 2. g3 e6 3. Bg2 d5 4. Nf3 d4 5. 0-0 Nc6 6. d3 Bc5 7. Nbd2 0-0 8. Nb3 Be7 9. e3 dxe3 10. Bxe3 Ng4 11. Bc5 a5 12. Bxe7 Qxe7 13. a4 Rd8 14. d4 Ra6 15. Qd2 Qf6 16. h3 Nh6 17. g4 Qe7 18. Rfe1 Qb4 19. Qc3 Rb6 20. Ra3 f6 21. d5 Ne7 22. Nfd4 e5 23. Nb5 c6 24. c5 Ra6 25. Nc7 Ra7 26. Qxb4 axb4 27. d6 Ng6 28. Raa1 Nf4 29. Re4 Nf7 30. Rxb4 Ng5 31. Kh2 Nd3 32. Rb6 Ne6 33. Nxe6 Bxe6 34. Bf1 Nxb2 35. a5 Bc4 36. a6 Rxa6 37. Raxa6 bxa6 38. Na5 Bxf1 39. Rxb2 Bb5 40. Rxb5 cxb5 41. c6 Kf7 42. c7 Ke8 43. Nb7 Ra8 44. Nc5 Rd8 45. d7+ 1-0

[Event "RUS-chT 32nd"]
[Site "Sochi"]
[Date "2025.04.27"]
[Round "2.4"]
[White "Smirnov, Pavel"]
[Black "Strybuk, Artsiom I"]
[Result "1/2-1/2"]
[WhiteElo "2476"]
[BlackElo "2433"]
[PlyCount "37"]
[EventDate "2025.04.26"]
[EventType "team-swiss"]
[EventRounds "9"]
[EventCountry "RUS"]
[SourceTitle "CB19_2025"]
[SourceDate "2025.05.07"]
[SourceVersion "1"]
[SourceVersionDate "2025.05.07"]
[SourceQuality "1"]
[WhiteTeam "Moscow Region"]
[BlackTeam "Belarus"]
[WhiteTeamCountry "RUS"]
[BlackTeamCountry "BLR"]

1. e4 e5 2. Nf3 Nf6 3. Nxe5 d6 4. Nf3 Nxe4 5. d4 d5 6. Bd3 Be7 7. 0-0 Bf5 8. Re1 Nc6 9. Nbd2 Nxd2 10. Qxd2 Bxd3 11. Qxd3 0-0 12. c3 Qd7 13. Bf4 a6 14. Re2 Rae8 15. Rae1 Bd8 16. h3 Rxe2 17. Qxe2 f6 18. Nh2 Rf7 19. Ng4 1/2-1/2

[Event "Titled Tuesday intern op 01st Apr Late"]
[Site "Chess.com INT"]
[Date "2025.04.01"]
[Round "6"]
[White "Badacsonyi, Stanley Ethan Artie"]
[Black "Strybuk, Artsiom I"]
[Result "0-1"]
[WhiteElo "2320"]
[BlackElo "2433"]
[PlyCount "56"]
[EventDate "2025.04.01"]
[EventType "swiss (blitz)"]
[EventRounds "11"]
[EventCountry "USA"]
[SourceTitle "CB21_2025"]
[SourceDate "2025.05.21"]
[SourceVersion "1"]
[SourceVersionDate "2025.05.21"]
[SourceQuality "1"]

1. d4 Nf6 2. c4 g6 3. Nc3 d5 4. Nf3 Bg7 5. h4 dxc4 6. e4 c5 7. d5 b5 8. h5 Nxh5 9. Nxb5 Qa5+ 10. Nc3 Nd7 11. Bd2 Rb8 12. Rb1 0-0 13. Bxc4 Qb4 14. Bd3 Qb6 15. e5 Ba6 16. Bc2 Bxe5 17. Rxh5 gxh5 18. Nxe5 Nxe5 19. Bxh7+ Kxh7 20. Qxh5+ Kg8 21. Qxe5 Qg6 22. Be3 Bd3 23. Rc1 Rxb2 24. Qxe7 Qxg2 25. Qg5+ Qxg5 26. Bxg5 Re8+ 27. Be3 Kg7 28. d6 Rh8 0-1

[Event "Titled Tuesday intern op 01st Apr Early"]
[Site "Chess.com INT"]
[Date "2025.04.01"]
[Round "7"]
[White "Pfreundt, Jakob"]
[Black "Strybuk, Artsiom I"]
[Result "0-1"]
[WhiteElo "2462"]
[BlackElo "2422"]
[PlyCount "108"]
[EventDate "2025.04.01"]
[EventType "swiss (blitz)"]
[EventRounds "11"]
[EventCountry "USA"]
[SourceTitle "CB15_2025"]
[SourceDate "2025.04.09"]
[SourceVersion "1"]
[SourceVersionDate "2025.04.09"]
[SourceQuality "1"]

1. d4 Nf6 2. Nf3 g6 3. Nbd2 Bg7 4. e4 0-0 5. Bd3 d6 6. 0-0 Nc6 7. h3 e5 8. dxe5 Nxe5 9. Nxe5 dxe5 10. a4 Nh5 11. Nf3 a5 12. Bg5 Qd6 13. Bc4 Qb4 14. Qd3 Nf4 15. Qb3 Qxb3 16. Bxb3 h6 17. Bxf4 exf4 18. c3 Ra6 19. Bc4 Rb6 20. Ra2 Be6 21. Bxe6 Rxe6 22. e5 Bxe5 23. Re1 Rfe8 24. Ra3 Bd6 25. Rxe6 Rxe6 26. Rb3 b6 27. Kf1 Re4 28. Nd4 Bc5 29. f3 Re7 30. Ne2 g5 31. c4 Rd7 32. Ke1 Bb4+ 33. Nc3 Rd3 34. Ke2 Rd4 35. Nd5 Rxc4 36. Nxb4 axb4 37. Kd3 Rc1 38. Rxb4 Rg1 39. Rc4 Rxg2 40. b4 Ra2 41. b5 Kg7 42. Ke4 Kg6 43. Kd5 Ra3 44. Kc6 Rxf3 45. Kxc7 Ra3 46. Kxb6 f3 47. a5 f5 48. a6 f2 49. Rc1 g4 50. hxg4 fxg4 51. a7 g3 52. Kb7 g2 53. a8Q Rxa8 54. Kxa8 f1Q 0-1

[Event "Titled Tuesday intern op 01st Apr Late"]
[Site "Chess.com INT"]
[Date "2025.04.01"]
[Round "5"]
[White "Strybuk, Artsiom I"]
[Black "Antonio, Rogelio Jr"]
[Result "1-0"]
[WhiteElo "2433"]
[BlackElo "2363"]
[PlyCount "105"]
[EventDate "2025.04.01"]
[EventType "swiss (blitz)"]
[EventRounds "11"]
[EventCountry "USA"]
[SourceTitle "CB21_2025"]
[SourceDate "2025.05.21"]
[SourceVersion "1"]
[SourceVersionDate "2025.05.21"]
[SourceQuality "1"]

1. c4 c5 2. g3 Nc6 3. Bg2 g6 4. Nc3 Bg7 5. Nf3 d6 6. 0-0 e5 7. d3 Nge7 8. a3 h6 9. Rb1 a5 10. Ne1 Be6 11. Nd5 0-0 12. Nc2 f5 13. b4 axb4 14. axb4 cxb4 15. Ncxb4 Nxb4 16. Rxb4 Nxd5 17. cxd5 Bc8 18. Qb3 Kh7 19. Bd2 h5 20. Rb6 Ra6 21. Rxa6 bxa6 22. Bb4 h4 23. Qa3 Rf6 24. Rc1 Bf8 25. Ba5 Qe8 26. Qb4 Rf7 27. Qxh4+ Kg8 28. Qc4 Bd7 29. h4 f4 30. Qxa6 fxg3 31. fxg3 Bg4 32. Qc6 Qb8 33. Rf1 Qb2 34. Rxf7 Kxf7 35. Bf1 Bxe2 36. Qd7+ Be7 37. Qe6+ Kf8 38. Qxg6 Qd4+ 39. Kg2 Qxd5+ 40. Kf2 Bxf1 41. Qf5+ Ke8 42. Qc8+ Kf7 43. Qf5+ Bf6 44. Qh7+ Bg7 45. Qf5+ Kg8 46. Qc8+ Bf8 47. Qg4+ Kf7 48. Qf5+ Ke8 49. Qc8+ Kf7 50. Qf5+ Kg8 51. Qg4+ Bg7 52. Qc8+ Kf7 53. Qc7+ 1-0

[Event "Titled Tuesday intern op 01st Apr Early"]
[Site "Chess.com INT"]
[Date "2025.04.01"]
[Round "11"]
[White "Strybuk, Artsiom I"]
[Black "Wagner, Dennis"]
[Result "0-1"]
[WhiteElo "2422"]
[BlackElo "2614"]
[PlyCount "56"]
[EventDate "2025.04.01"]
[EventType "swiss (blitz)"]
[EventRounds "11"]
[EventCountry "USA"]
[SourceTitle "CB15_2025"]
[SourceDate "2025.04.09"]
[SourceVersion "1"]
[SourceVersionDate "2025.04.09"]
[SourceQuality "1"]

1. c4 Nf6 2. Nf3 c5 3. g3 d5 4. cxd5 Nxd5 5. Bg2 Nc6 6. Nc3 Nc7 7. a3 g6 8. h4 h6 9. Na4 Ne6 10. b4 Bg7 11. Bb2 Bxb2 12. Nxb2 cxb4 13. axb4 0-0 14. Nd3 Ned4 15. Nxd4 Nxd4 16. e3 Bf5 17. exd4 Bxd3 18. Qg4 Qb6 19. Qf4 Rad8 20. d5 e5 21. Qe3 e4 22. Qxh6 Rxd5 23. h5 Qd4 24. Rc1 Qb2 25. Rd1 g5 26. g4 Rc8 27. Rh3 Rc1 28. Rxd3 exd3 0-1

[Event "Titled Tuesday intern op 01st Apr Late"]
[Site "Chess.com INT"]
[Date "2025.04.01"]
[Round "9"]
[White "Yoo, Christopher Woojin"]
[Black "Strybuk, Artsiom I"]
[Result "1-0"]
[WhiteElo "2588"]
[BlackElo "2433"]
[PlyCount "57"]
[EventDate "2025.04.01"]
[EventType "swiss (blitz)"]
[EventRounds "11"]
[EventCountry "USA"]
[SourceTitle "CB21_2025"]
[SourceDate "2025.05.21"]
[SourceVersion "1"]
[SourceVersionDate "2025.05.21"]
[SourceQuality "1"]

1. e4 e5 2. Nf3 Nf6 3. d4 Nxe4 4. Bd3 d5 5. Nxe5 Bd6 6. c4 Bb4+ 7. Kf1 Be7 8. cxd5 Nf6 9. Nc3 0-0 10. Qf3 c6 11. Bc4 b5 12. Bb3 b4 13. Ne2 Nxd5 14. Nxc6 Nxc6 15. Bxd5 Bg4 16. Qe4 Bxe2+ 17. Kxe2 Nxd4+ 18. Qxd4 Re8 19. Be3 Bf6 20. Qd3 Rc8 21. Rad1 Qa5 22. Qb3 Re7 23. Rd3 Rce8 24. h4 h5 25. g3 Qb5 26. Qc4 Qa5 27. Qb3 Qb5 28. Rc1 Qb7 29. Bxb7 1-0

[Event "Titled Tuesday intern op 25th Mar Early"]
[Site "Chess.com INT"]
[Date "2025.03.25"]
[Round "9"]
[White "Dang, Hoang Son"]
[Black "Strybuk, Artsiom I"]
[Result "0-1"]
[WhiteElo "2408"]
[BlackElo "2422"]
[PlyCount "144"]
[EventDate "2025.03.25"]
[EventType "swiss (blitz)"]
[EventRounds "11"]
[EventCountry "USA"]
[SourceTitle "CB14_2025"]
[SourceDate "2024.11.01"]
[SourceVersion "1"]
[SourceVersionDate "2024.11.01"]
[SourceQuality "1"]

1. d4 Nf6 2. c4 g6 3. Nc3 d5 4. Nf3 Bg7 5. e3 0-0 6. b4 Nc6 7. Qb3 a5 8. b5 a4 9. Qc2 Bf5 10. Qb2 a3 11. Qb3 Na5 12. Qb4 c5 13. dxc5 Ne4 14. Nd4 Nxc3 15. Qxc3 Be4 16. f3 e5 17. fxe4 exd4 18. exd4 Qh4+ 19. Kd1 Qxe4 20. Qd3 Qxd4 21. Qxd4 Bxd4 22. Rb1 Nxc4 23. Bh6 Nb2+ 24. Kc2 Rfc8 25. c6 bxc6 26. Kb3 c5 27. Be2 c4+ 28. Kc2 Rab8 29. Rhd1 Nxd1 30. Rxd1 Bc5 31. Rxd5 Rxb5 32. Bxc4 Rb2+ 33. Kd3 Bf8 34. Be3 Rxg2 35. Rd7 Rxc4 36. Kxc4 Rxa2 37. Rd8 Kg7 38. Bd4+ f6 39. Rd7+ Kg8 40. Kb3 Rxh2 41. Bxf6 Rf2 42. Bc3 Rf7 43. Rd8 Rb7+ 44. Ka2 Kf7 45. Bd4 h5 46. Ra8 h4 47. Ra6 Be7 48. Ra8 Bf8 49. Ra6 Be7 50. Ra8 g5 51. Rh8 Kg6 52. Rg8+ Kf5 53. Rg7 Rc7 54. Kb3 g4 55. Rf7+ Ke6 56. Rh7 g3 57. Bc3 Rc6 58. Rh6+ Kd7 59. Rh7 Re6 60. Bb4 Ke8 61. Bxe7 Rxe7 62. Rxh4 Rg7 63. Rh1 Kf7 64. Kxa3 Kf6 65. Kb3 Kf5 66. Kc3 Kf4 67. Kd2 g2 68. Rg1 Kf3 69. Ke1 Ra7 70. Kd2 Re7 71. Ra1 Kf2 72. Ra8 Rd7+ 0-1

[Event "Titled Tuesday intern op 25th Mar Early"]
[Site "Chess.com INT"]
[Date "2025.03.25"]
[Round "4"]
[White "Naranjo Moreno, Antonio"]
[Black "Strybuk, Artsiom I"]
[Result "0-1"]
[WhiteElo "2269"]
[BlackElo "2422"]
[PlyCount "86"]
[EventDate "2025.03.25"]
[EventType "swiss (blitz)"]
[EventRounds "11"]
[EventCountry "USA"]
[SourceTitle "CB14_2025"]
[SourceDate "2024.11.01"]
[SourceVersion "1"]
[SourceVersionDate "2024.11.01"]
[SourceQuality "1"]

1. e4 c5 2. Nf3 d6 3. d4 cxd4 4. Nxd4 Nf6 5. Nc3 Nc6 6. Bg5 e6 7. Qd2 a6 8. 0-0-0 Be7 9. f4 Bd7 10. Nf3 b5 11. Bxf6 gxf6 12. Bd3 Qb6 13. Kb1 0-0-0 14. Rhe1 Kb8 15. Nd5 exd5 16. exd5 Ne5 17. fxe5 fxe5 18. Qh6 Qc5 19. Nh4 Bxh4 20. Qxh4 f5 21. a4 e4 22. Bf1 Rc8 23. Rd2 Qb4 24. Qf4 bxa4 25. Re3 Ka7 26. Ra3 Rb8 27. Qe3+ Rb6 28. c3 Qxa3 29. Qxb6+ Kxb6 30. bxa3 Kc5 31. Rd4 Bb5 32. Bxb5 axb5 33. Kc2 h5 34. Kd2 Rg8 35. g3 h4 36. gxh4 Rg2+ 37. Ke3 Rxh2 38. Kf4 Rf2+ 39. Kg5 e3 40. Rd1 f4 41. h5 e2 42. Re1 f3 43. Kf4 Rf1 0-1

[Event "Titled Tuesday intern op 25th Mar Early"]
[Site "Chess.com INT"]
[Date "2025.03.25"]
[Round "5"]
[White "Strybuk, Artsiom I"]
[Black "Rosen, Eric S"]
[Result "0-1"]
[WhiteElo "2422"]
[BlackElo "2377"]
[PlyCount "56"]
[EventDate "2025.03.25"]
[EventType "swiss (blitz)"]
[EventRounds "11"]
[EventCountry "USA"]
[SourceTitle "CB14_2025"]
[SourceDate "2024.11.01"]
[SourceVersion "1"]
[SourceVersionDate "2024.11.01"]
[SourceQuality "1"]

1. c4 e6 2. g3 d5 3. Bg2 d4 4. Nf3 Nc6 5. 0-0 Nh6 6. e3 Nf5 7. e4 Nfe7 8. e5 Ng6 9. Re1 h5 10. h4 d3 11. Nc3 a5 12. b3 Bc5 13. Bb2 Nb4 14. Ne4 Ba7 15. Nfg5 Nc2 16. Qf3 Qd7 17. Bf1 Nxa1 18. Bxa1 Rb8 19. Bxd3 b5 20. cxb5 Bb7 21. a4 Rd8 22. Bb1 Qe7 23. Bc3 Bd4 24. Bxd4 Rxd4 25. Qc3 Rb4 26. Nc5 Bd5 27. d4 0-0 28. Bc2 Rd8 0-1

[Event "Moscow Aeroflot op-A"]
[Site "Moscow"]
[Date "2025.03.04"]
[Round "6"]
[White "Strybuk, Artsiom I"]
[Black "Drygalov, Sergey"]
[Result "0-1"]
[WhiteElo "2422"]
[BlackElo "2551"]
[PlyCount "82"]
[EventDate "2025.03.01"]
[EventType "swiss"]
[EventRounds "9"]
[EventCountry "RUS"]
[SourceTitle "CB11_2025"]
[SourceDate "2025.03.12"]
[SourceVersion "1"]
[SourceVersionDate "2025.03.12"]
[SourceQuality "1"]

1. c4 e5 2. Nc3 Nf6 3. Nf3 Nc6 4. g3 Bb4 5. Nd5 Bc5 6. Bg2 d6 7. 0-0 0-0 8. d3 h6 9. e3 a6 10. b3 Ba7 11. Nc3 Bf5 12. Bb2 Qd7 13. Re1 Rae8 14. a3 Bh3 15. Bh1 Ng4 16. Nd5 Nd8 17. Bg2 Bxg2 18. Kxg2 c6 19. Nc3 f5 20. h3 Nf6 21. e4 fxe4 22. dxe4 Bxf2 23. Kxf2 Qxh3 24. Rg1 Ne6 25. Ke1 Ng4 26. Rc1 Nh2 27. Nxh2 Qxh2 28. Ne2 Nc5 29. Kd2 Nxe4+ 30. Kc2 Rf2 31. Re1 Nxg3 32. Kb1 Nxe2 33. Rc2 Nf4 34. Rh1 Qg2 35. Rxf2 Qxf2 36. Qxd6 Qf3 37. Rd1 Qxb3 38. Qd7 Re6 39. Ka1 Kh7 40. c5 Rg6 41. Rh1 Nd3 0-1

[Event "Moscow Aeroflot op-A"]
[Site "Moscow"]
[Date "2025.03.02"]
[Round "3"]
[White "Strybuk, Artsiom I"]
[Black "Iljiushenok, Ilia"]
[Result "1/2-1/2"]
[WhiteElo "2422"]
[BlackElo "2519"]
[PlyCount "140"]
[EventDate "2025.03.01"]
[EventType "swiss"]
[EventRounds "9"]
[EventCountry "RUS"]
[SourceTitle "CB11_2025"]
[SourceDate "2025.03.12"]
[SourceVersion "1"]
[SourceVersionDate "2025.03.12"]
[SourceQuality "1"]

1. c4 e6 2. g3 d5 3. Bg2 Nf6 4. Nf3 Bd6 5. 0-0 0-0 6. b3 Nc6 7. Bb2 d4 8. e3 e5 9. exd4 Nxd4 10. Bxd4 exd4 11. d3 a5 12. Nbd2 h6 13. Qc2 Bc5 14. Rfe1 c6 15. Re5 Qd6 16. Rae1 Bd7 17. Ne4 Nxe4 18. R5xe4 Rae8 19. Rxe8 Rxe8 20. Rxe8+ Bxe8 21. Qe2 Bd7 22. Qe5 Qxe5 23. Nxe5 Bf5 24. Be4 Bc8 25. Bg2 f6 26. Nf3 Bf5 27. Bf1 Kf7 28. Nh4 Bd7 29. f4 g5 30. fxg5 hxg5 31. Nf3 Bb4 32. Kf2 g4 33. Nh4 Bd2 34. Ke2 Bc1 35. Ng2 Kg6 36. Ne1 c5 37. a4 Be3 38. Bg2 b6 39. Bd5 Kf5 40. Ng2 Bg5 41. Kf2 Ke5 42. Be4 Be8 43. Ne1 Bf7 44. Nc2 Bc1 45. Ke2 f5 46. Bg2 Bh5 47. Bc6 Bg6 48. Bd7 Bh5 49. Bc6 Bg6 50. Bd7 Kf6 51. Kd1 Bh6 52. Ke2 Bf8 53. Ne1 Bd6 54. Ng2 Kg5 55. Kf2 f4 56. Ne1 Bc7 57. Bc8 Bb8 58. Bd7 Bd6 59. Bc8 Bf8 60. Bb7 Bf5 61. Bc6 Bh6 62. Be4 Be6 63. Nc2 Kf6 64. Kf1 Ke5 65. Kf2 Bd7 66. Kf1 Bc8 67. Kf2 Bd7 68. Kf1 Be6 69. Kf2 Bf8 70. Na3 Bd7 1/2-1/2